000 00958cam a2200349 4500500
005 20260405003259.0
041 _afre
042 _adc
100 1 0 _aLegros, Martin
_eauthor
245 0 0 _aMichael Sandel-Peter Singer. Comment (bien) faire le bien ?
260 _c2021.
500 _a78
690 _aAltruisme
690 _aAnimal
690 _aArgent
690 _aCalcul
690 _aCalcul moral
690 _aCharité
690 _aChirurgie esthétique
690 _aConséquentialisme
690 _aDécision
690 _aHomosexualité
690 _aMichael J. Sandel
690 _aMorale
690 _aPeter Singer
690 _aRationalité
690 _aUtilitarisme
690 _aUtilité
690 _aVertu
786 0 _nPhilosophie magazine | 149 | 5 | 2021-05-01 | p. 55-57 | 1951-1787
856 4 1 _uhttps://shs.cairn.info/magazine-philosophie-magazine-2021-5-page-55?lang=fr&redirect-ssocas=7080
999 _c2066091
_d2066091